000
00282nam a2200109Ia 4500
008
240625s9999 xx 000 0 und d
041
_a
eng
082
_a
658 FIT
100
_a
FITZSIMMONS JAMES A
245
_a
SERVICE MANAGEMENT OPERATIONS STRATEGY INFORMATION TECHN
260
_c
2006
999
_c
33594
_d
33594